Online Catalogue and eLibrary

Feminist Practice & Poststructuralist Theory (Record no. 1724)

MARC details
000 -LEADER
fixed length control field 00534nam a2200205Ia 4500
005 - DATE AND TIME OF LATEST TRANSACTION
control field 20250217050922.0
008 - FIXED-LENGTH DATA ELEMENTS--GENERAL INFORMATION
fixed length control field 240331s9999 xx 000 0 und d
020 ## - INTERNATIONAL STANDARD BOOK NUMBER
ISBN 0631151885
082 ## - DDC Classification
Item Number - Author Mark WEE
DDC Edition Number 3570
Class No. 305.4
100 ## - MAIN ENTRY--PERSONAL NAME
Personal name Weedon, C
245 #0 - TITLE STATEMENT
Title Feminist Practice & Poststructuralist Theory
260 ## - PUBLICATION, DISTRIBUTION, ETC.
Place of publication, distribution, etc. Massachusetts;
-- Oxford
Name of publisher, distributor, etc. Blackwell Publishers
Date of publication, distribution, etc. 1987
300 ## - PHYSICAL DESCRIPTION
Extent (e.g. Volumes, Pages etc.) viii, 187 p.,
650 ## - SUBJECT ADDED ENTRY--TOPICAL TERM
Topical term or geographic name entry element Feminism
650 ## - SUBJECT ADDED ENTRY--TOPICAL TERM
Topical term or geographic name entry element Poststructuralist
650 ## - SUBJECT ADDED ENTRY--TOPICAL TERM
Topical term or geographic name entry element Psychoanalysis
650 ## - SUBJECT ADDED ENTRY--TOPICAL TERM
Topical term or geographic name entry element Language
650 ## - SUBJECT ADDED ENTRY--TOPICAL TERM
Topical term or geographic name entry element Women
942 ## - Koha item type (Biblio)
Koha item type Books in Stacks (Lending)
Holdings
Lost status Damaged status Collection code Home library Current library Shelving location Date acquired Full call number Accession Number Item type
    Lending WERC Library WERC Library Social Science Cupboard 03/31/2024 305.4 WEE 3570 Books in Stacks (Lending)

© WERC Library